[Event "Budapest FS03 GM"]
[Site "Budapest"]
[Date "1996.??.??"]
[Round "9"]
[White "Acs, Peter"]
[Black "Lukacs, Peter"]
[Result "0-1"]
[WhiteElo "2440"]
[BlackElo "2440"]
[Annotator "Blatny,P"]
[PlyCount "46"]
[EventDate "1996.03.??"]
[EventType "tourn"]
[EventRounds "13"]
[EventCountry "HUN"]
[EventCategory "9"]
[SourceTitle "CBM 053"]
[Source "ChessBase"]
[SourceDate "1996.08.01"]
[SourceVersion "1"]
[SourceVersionDate "1996.08.01"]
[SourceQuality "1"]

1. e4 e5 2. Nf3 Nc6 3. Nc3 Nf6 4. d4 exd4 5. Nxd4 Bb4 6. Nxc6 bxc6 7. Bd3 d5 8.
exd5 cxd5 9. O-O O-O 10. Bg5 c6 11. Qf3 Bd6 12. h3 (12. Na4 Re8 13. h3 Qa5 14.
Bxf6 Qxa4 15. b3 Qf4 16. Qxf4 Bxf4 17. Bd4 Bd6 18. Rfe1 Rxe1+ 19. Rxe1 Be6 20.
c4 dxc4 21. Bxc4 Bxc4 22. bxc4 $10 {Adams,M-Piket,J/Dortmund (06)/1992/}) 12...
Rb8 13. Rab1 (13. b3 Be6 (13... h6 14. Bxf6 Qxf6 15. Qxf6 gxf6 16. Rad1 Bb7 17.
Ne2 c5 18. Ng3 Rfe8 19. f4 Bf8 20. Nh5 Re6 21. Rde1 Rd6 22. Rf3 Ba6 23. f5 c4
$132 {Georgiev,Vl-Dervishi,E/Balkaniad-boys (01)/1993/}) 14. Ne2 Be5 15. Rae1
h6 16. Bh4 Qd6 17. Bg3 Bxg3 18. fxg3 c5 19. c3 Bd7 20. Nf4 Bc6 21. Rd1 Rbe8 $13
{Acs,P-Lukacs,P/Szekszard op (01)/1994/}) 13... h6 (13... Re8 14. Ne2 Be5 15.
b4 Qd6 16. Bxf6 Qxf6 17. Qxf6 Bxf6 18. Rfe1 Bd7 19. Kf1 Kf8 20. c3 g6 21. Nd4
Rec8 22. Ke2 Rc7 23. Rb3 $10 {Baumgartner,H-Eisterer,H/AUT BL 8889/1989/}) 14.
Bf4 (14. Bh4 Re8 15. Rfe1 $2 Rxe1+ 16. Rxe1 g5 17. Bg3 Rxb2 18. Ne2 c5 19. Bxd6
Qxd6 20. Ng3 Qf4 $2 (20... Bd7 $19 {_|_}) 21. Qxd5 $3 Be6 (21... Nxd5 $4 22.
Re8+ Kg7 23. Nh5#) (21... Qc7 $142 $14) 22. Qd8+ Kg7 23. Qe7 Kg8 24. Bf5 (24.
Nf5 $18) 24... Qd2 25. Rxe6 $1 $18 Rb1+ 26. Kh2 Qd1 27. Nf1 Qxf1 28. Qd8+ {
1-0 Berg,E-Leko,P/Canaries olJ-U16/1995/}) (14. Bxf6 $142 Qxf6 15. Qxf6 gxf6
16. Rfe1 Be6 $15 {^^ _|_}) 14... Re8 15. Ne2 c5 16. c4 $2 $146 (16. c3 Bb7 17.
Bxd6 Qxd6 18. Qg3 {Acs,P-Lukacs,P/Budapest FS09 GM (10)/1995/} Qe6 $15) (16.
Bxd6 Qxd6 17. Rfe1 c4 18. Bf5 Bxf5 19. Qxf5 d4 $15) 16... Bb7 $1 17. Bxd6 (17.
Qg3 Nh5 18. Qg4 dxc4 $1 19. Bh7+ (19. Bxd6 cxd3 $19) 19... Kxh7 20. Qxh5 (20.
Bxd6 Qxd6 21. Qxh5 Re5 $19)) 17... dxc4 $1 18. Bh7+ $2 (18. Qg3 $142 Nh5 $1 (
18... cxd3 19. Nc3 {/\Qxd3=}) 19. Bh7+ Kxh7 20. Qh2 Be4 $1 $17) 18... Nxh7 19.
Qg3 Rc8 20. Rfe1 Re6 $1 21. Rbd1 Rg6 $19 22. Qf4 Rxg2+ 23. Kf1 Qd7 (23... Qd7
24. Qe3 (24. Ng1 Ng5 25. Re3 (25. Qe3 Rxg1+ 26. Kxg1 Bf3 $1 $19) 25... Rxg1+
26. Kxg1 Nxh3+ 27. Rxh3 Qxh3 $19) 24... Rg6 25. Bf4 Qc6 26. f3 $8 Re8 27. Qf2
Rf6 $19) 0-1

[Event "Olympiad-31"]
[Site "Moscow"]
[Date "1994.12.12"]
[Round "11.3"]
[White "Rublevsky, Sergei"]
[Black "Onischuk, Alexander"]
[Result "1-0"]
[WhiteElo "2565"]
[BlackElo "2585"]
[Annotator "Blatny,P"]
[PlyCount "45"]
[EventDate "1994.12.01"]
[EventType "team-swiss"]
[EventRounds "14"]
[EventCountry "RUS"]
[SourceTitle "CBM 045"]
[Source "ChessBase"]
[SourceDate "1995.04.01"]
[SourceVersion "1"]
[SourceVersionDate "1995.04.01"]
[SourceQuality "1"]
[WhiteTeam "Russia II"]
[BlackTeam "Ukraine"]
[WhiteTeamCountry "RUS"]
[BlackTeamCountry "UKR"]

1. e4 {Ftacnik} e5 2. Nf3 Nc6 3. Nc3 Nf6 4. d4 Bb4 (4... exd4 5. Nxd4 {-> 1.e4
e5 2.Nf3 Nc6 3.d4 ed4 4.Nd4} (5. Nd5 $5 Nb4 $1 $10)) 5. Nxe5 (5. d5) 5... Qe7 (
5... Nxe4 6. Qg4 Nxc3 7. Qxg7 Rf8 8. a3 Ba5 9. Nxc6 dxc6 10. Qe5+ $10) (5...
O-O $5 6. f3 (6. Nxc6 dxc6 7. Bg5 (7. e5 Ne4 8. Qd3 Bf5 9. a3 Bxc3+ 10. bxc3 c5
$132) 7... Re8 8. Qd3 Bf5 9. f3 Nxe4 $1 $19) 6... d5 7. Nxc6 bxc6 8. e5 Ne4 $1
$40) 6. Qd3 (6. Nxc6 {Ftacnik} Qxe4+) 6... Nxe5 7. dxe5 Qxe5 8. Bd2 O-O 9.
O-O-O d6 (9... Bxc3 10. Bxc3 Qxe4 (10... Qf4+ {Ftacnik} 11. Rd2 Qxe4 (11... d5
12. Bxf6 (12. exd5 Re8 13. b3 Bf5 14. Qf3 Re1+ 15. Kb2 Qg5 16. h4 Qg6 17. d6 $1
$16 {Bellon,JM-Lukacs,P/Bucharest/1978/}) 12... dxe4 13. g3 Qf5 14. Qd4 Qxf6
15. Qxe4 Be6 $10 {Topiakin-Svidler/Oakham/1992/}) 12. Bxf6 Qxd3 13. Rxd3 gxf6
$14 {Mjagmasuren-Bisguier/Tallin/1971/}) 11. Qg3 $1 {->}) 10. f4 $5 (10. f3 $5
Bd7 11. g4 Bc6 12. Nd5 $14 {Kazic-Samarian/corr/1964/}) 10... Qe7 (10... Qe6 $5
{Ftacnik} 11. Nd5 Bxd2+ 12. Rxd2 Nxd5 13. exd5 Qf6 14. g3 $10) 11. Re1 Re8 12.
Qg3 (12. g4 {Ftacnik} Nxg4 13. Rg1 c6 14. Be2 Nf6 15. Bd1 a5 $13 {Bellon,
JM-Larsen,B/Las Palmas/1981/}) 12... c6 13. Bd3 $14 Nd7 $6 14. a3 Ba5 15. Rhf1
Bc7 (15... Nc5 {Ftacnik} 16. f5 $40) 16. f5 Kh8 $6 (16... f6 $142 17. Bc4+ Kh8
18. Ba2 $1 {/\Qh4,Rf3(f4) ->}) (16... Nf6 {Ftacnik} 17. Qh4 b5 18. g4 $40) 17.
f6 $1 gxf6 (17... Nxf6 18. Bg5 {/\Qh4->} (18. e5 {Ftacnik} dxe5 19. Bg5 e4 (
19... Ba5 20. Rxf6 $1 gxf6 21. Qh4 $18) 20. Qh4 Qd7 21. Nxe4 Nxe4 22. Bxe4 $16)
) 18. e5 $1 {/^b1-h7} fxe5 (18... Nxe5 {Ftacnik} 19. Bxh7 Kxh7 20. Rf4 $18) (
18... dxe5 {Ftacnik} 19. Bxh7 $1 Kxh7 20. Rf5 $18) 19. Bxh7 $1 d5 (19... Kxh7
20. Re4 $18 (20. Re4 {Ftacnik} Bd8 21. Rh4+ Qxh4 22. Rxf7+)) 20. Bf5 $18 {עh8}
f6 21. Qh4+ Kg8 22. Rf3 e4 23. Nxe4 (23. Nxe4 dxe4 24. Rxe4 $18 (24. Rxe4 {
Ftacnik} Ne5 25. Rg3+ $18)) 1-0

[Event "New York MCC"]
[Site "New York"]
[Date "1994.??.??"]
[Round "1"]
[White "Dzindzichashvili, Roman"]
[Black "Leveille, Francois"]
[Result "1-0"]
[WhiteElo "2540"]
[BlackElo "2370"]
[Annotator "Blatny,P"]
[PlyCount "72"]
[EventDate "1994.02.??"]
[EventType "tourn"]
[EventRounds "11"]
[EventCountry "USA"]
[EventCategory "9"]
[SourceTitle "CBM 043"]
[Source "ChessBase"]
[SourceDate "1994.12.01"]
[SourceVersion "1"]
[SourceVersionDate "1994.12.01"]
[SourceQuality "1"]

1. e4 e5 2. Nf3 Nf6 3. Nc3 Nc6 4. d4 exd4 5. Nxd4 Nxe4 $6 (5... Bb4 $142 {
main line}) 6. Nxe4 Qe7 7. f3 (7. Qd3 d5 8. Nxc6 bxc6 9. Bg5 f6 10. O-O-O fxg5
11. Ng3 Kf7 12. Be2 g6 13. Rhe1 Qf6 14. Qb3 Bg7 15. c3 Qf4+ $17 {Baum,B-Kotan,
L/Bad Ragaz/1993/}) 7... d5 8. Bb5 (8. Nxc6 bxc6 9. Bd3 (9. Qe2) 9... dxe4 10.
Bxe4 $2 (10. fxe4 $142 {-><->f}) 10... f5 11. Bg5 $1 Qe5 $1 12. Qd8+ Kf7 13.
O-O-O fxe4 $1 (13... Ba3 {?!!} 14. Qxh8 Qxb2+ 15. Kd2 Qd4+ 16. Bd3 Qf2+ 17. Kc3
(17. Be2 $2 Ba6 $1 18. Qxa8 Qxe2+ 19. Kc3 Qc4+ 20. Kd2 Qd4+ 21. Ke1 Qe5+ $19)
17... Ba6 18. Bc4+ Bxc4 19. Qxa8 Qc5 $1 20. Rd7+ Kg6 21. Be7 Bb4+ 22. Kb2 Ba3+
{Gatine,A-Goehl,O/Duisburg WchJW U-18/1992/1/2-1/2/}) 14. fxe4 Rb8 $1 15. c3
Ba3 $19) 8... Bd7 9. Bxc6 bxc6 10. O-O dxe4 11. Re1 f5 $6 $146 (11... O-O-O $5
12. Rxe4 Qf6 13. Qe2 Bc5 $132 {/\Rhe8}) 12. fxe4 fxe4 13. c3 $1 c5 $2 (13...
O-O-O 14. Qa4 $40) 14. Nf5 $6 (14. Qh5+ $1 Qf7 (14... g6 15. Qd5 $18) 15. Rxe4+
Be7 16. Rxe7+ $1 Kxe7 17. Bg5+ Kf8 18. Rf1 $18) 14... Qe5 (14... Bxf5 15. Qd5
$1 $18) 15. Ng3 $16 Be7 (15... O-O-O $142) 16. Nxe4 Bc6 $6 {עe8} (16... O-O-O
$8) 17. Ng3 $1 Qf6 18. Qh5+ g6 19. Qxc5 Kd7 20. Qc4 h5 21. Be3 $18 Rhf8 22. Bd4
Qf7 23. Qd3 Bd6 24. Ne4 Qf5 25. Nf2 Rf7 26. Rad1 Raf8 27. Qxf5+ Rxf5 28. Ne4
Bxe4 29. Rxe4 a6 30. c4 Kc6 31. Re6 Kb7 32. g3 $1 (32. Rxg6 $2 Rf4 $1 $132)
32... g5 33. b4 R8f7 34. c5 Re7 $2 (34... Be7 35. c6+ $18 {_|_}) 35. Rf6 $1
Rxf6 36. Bxf6 Rf7 (36... Rf7 37. cxd6 Rxf6 38. d7) 1-0

[Event "Bonn GSK"]
[Site "Bonn"]
[Date "1994.??.??"]
[Round "7"]
[White "Glek, Igor Vladimirovich"]
[Black "Rozentalis, Eduardas"]
[Result "1-0"]
[WhiteElo "2590"]
[BlackElo "2605"]
[Annotator "Blatny,P"]
[PlyCount "51"]
[EventDate "1994.??.??"]
[EventType "tourn"]
[EventRounds "9"]
[EventCountry "GER"]
[EventCategory "12"]
[SourceTitle "CBM 040"]
[Source "ChessBase"]
[SourceDate "1994.06.01"]
[SourceVersion "1"]
[SourceVersionDate "1994.06.01"]
[SourceQuality "1"]

1. e4 {von Gleich Ftacnik} e5 2. Nf3 Nf6 3. Nc3 Nc6 4. g3 Bb4 (4... Bc5 5. Bg2
d6 6. d3 Ng4 7. O-O f5 8. Bg5 Nf6 $132) 5. Bg2 O-O 6. O-O (6. d3 Bxc3+ 7. bxc3
d6 8. Rb1 $14) 6... Bxc3 7. dxc3 d6 (7... Nxe4 8. Re1 (8. Nxe5 Nxe5 9. Bxe4 d6
$132 {^^:><f3-g2-h3}) 8... Nf6 (8... d5 9. c4 $1 Be6 10. cxd5 Bxd5 11. c4 Bxc4
12. Qxd8 Raxd8 13. Rxe4 $18) (8... f5 9. Qd5+ Rf7 10. Rxe4 Ne7 (10... fxe4 11.
Ng5 Qf6 12. Be3 d6 13. Bxe4 Bf5 14. Nxf7 Bxe4 15. Nh6+ Kh8 16. Qxe4 gxh6 $13)
11. Qb3 fxe4 12. Nxe5 d5 13. Nxf7 Kxf7 14. Bxe4 $16) 9. Nxe5 Nxe5 10. Rxe5 d6
11. Re1 Re8 {+/=/=}) 8. Nh4 {/\->>>} Be6 (8... Ne8 {/\g6,Ng7,f6,Be6}) 9. f4 {
/\f5,g4 ->K} exf4 (9... Bg4 10. Qe1 exf4 11. Bxf4 $14 (11. gxf4 $5 {/\Qg3}))
10. Bxf4 (10. gxf4 {Ftacnik} Nxe4 $1 11. Qh5 f5 $17) 10... Ng4 {Ne5 [+]} 11.
Nf5 Nge5 (11... Bxf5 12. exf5 {+/=/+/- ^^,/^h1-a8}) 12. g4 f6 (12... g6 {
Ftacnik} 13. Ne3 Qd7 14. g5 f6 15. Nd5 $36) 13. h3 Qd7 14. b3 Rae8 (14... Rad8
{Ftacnik} 15. Qd2 (15. c4 $5) 15... d5 16. Bxe5 fxe5 17. exd5 Bxd5 (17... Bxf5
18. gxf5 Rxf5 19. Qe3 $16) 18. Rad1 Be6 19. Qxd7 Bxd7 20. Bxc6 Bxc6 21. Ne7+
Kh8 22. Rxd8 Rxd8 23. Nxc6 bxc6 24. Rf7 $16) 15. Bg3 Nf7 {/\Ng5 קe4} 16. Qd2
Ng5 (16... Nce5 {Ftacnik} 17. Rad1 $14) 17. Rae1 Bf7 $2 {ףd7,פg5} (17... Ne5
$142 {= [+]}) 18. e5 $1 Bg6 (18... Nxe5 $2 19. Bxe5 Rxe5 20. Rxe5 Nxh3+ (20...
fxe5 {Ftacnik} 21. Qxg5 $18) 21. Bxh3 fxe5 22. Qg5 $18) (18... fxe5 $4 {
von Gleich} 19. Qxg5) 19. exd6 Nf7 (19... Rxe1 20. Qxe1 (20. Rxe1 Bxf5 21. gxf5
cxd6 (21... Qxf5 22. Qd5+ $1 Qxd5 23. Bxd5+ Kh8 (23... Nf7 24. dxc7 $18) 24. h4
$18) 22. Qd5+ Nf7 $16) 20... Bxf5 21. Rxf5 cxd6 22. Qd2 Nf7 23. Rd5 Nce5 24. c4
$16) (19... Rd8 {Ftacnik} 20. Bxc6 bxc6 21. Re7 $18) 20. Bd5 cxd6 21. Nxd6 $1
Re7 (21... Rxe1 22. Rxe1 Kh8 23. Be6 $18) 22. Nxf7 Bxf7 23. Rxe7 Qxe7 (23...
Nxe7 $2 {Ftacnik} 24. Bxf7+ {von Gleich} Kxf7 25. Qxd7) 24. Bd6 $1 $18 Qd8 25.
Bxf8 Kxf8 (25... Bxd5 {Ftacnik} 26. Bc5 $18) 26. c4 1-0

[Event "EU-chT (Men) 10th"]
[Site "Debrecen"]
[Date "1992.11.??"]
[Round "7.3"]
[White "Hellers, Ferdinand"]
[Black "Marin, Mihail"]
[Result "1/2-1/2"]
[WhiteElo "2510"]
[BlackElo "2525"]
[Annotator "Bulletin"]
[PlyCount "45"]
[EventDate "1992.11.20"]
[EventType "team-swiss"]
[EventRounds "9"]
[EventCountry "HUN"]
[SourceTitle "EU-chT"]
[Source "ChessBase"]
[SourceDate "1999.07.01"]
[SourceVersion "2"]
[SourceVersionDate "1999.07.01"]
[SourceQuality "1"]
[WhiteTeam "Sweden"]
[BlackTeam "Romania"]
[WhiteTeamCountry "SWE"]
[BlackTeamCountry "ROU"]

1. e4 e5 2. Nf3 Nc6 3. Nc3 Nf6 4. d4 exd4 5. Nxd4 Bb4 6. Nxc6 bxc6 7. Bd3 d5 8.
exd5 cxd5 9. O-O O-O 10. Bg5 c6 11. Na4 Qd6 $5 12. Qf3 Bg4 13. Qf4 (13. Qg3
Qxg3 14. hxg3 Nd7) 13... Qxf4 14. Bxf4 Rfd8 15. a3 Bf8 16. Be3 (16. b4 $5 {
Marin,M}) 16... a5 17. h3 Be6 18. f4 $14 d4 19. Bd2 Ra7 20. Rae1 c5 21. f5 Bd5
22. Nb6 a4 23. Bc1 1/2-1/2

[Event "URS-ch46 First League"]
[Site "Ashkhabad"]
[Date "1978.??.??"]
[Round "14"]
[White "Kupreichik, Viktor D"]
[Black "Tseshkovsky, Vitaly"]
[Result "1/2-1/2"]
[WhiteElo "2490"]
[BlackElo "2570"]
[Annotator "Bulletin"]
[PlyCount "92"]
[EventDate "1978.10.??"]
[EventType "tourn"]
[EventRounds "17"]
[EventCountry "URS"]
[EventCategory "10"]
[SourceTitle "MCL"]
[Source "ChessBase"]
[SourceDate "1999.07.01"]
[SourceVersion "1"]
[SourceVersionDate "1999.07.01"]
[SourceQuality "1"]

1. e4 e5 2. Nf3 Nc6 3. d4 exd4 4. Nxd4 Nf6 5. Nc3 Bb4 6. Nxc6 bxc6 7. Bd3 O-O
8. O-O d5 9. exd5 cxd5 10. Bg5 c6 (10... Bxc3) (10... Be6) 11. Ne2 (11. Qf3)
11... Bg4 12. c3 Be7 (12... Bd6 13. h3 Bxe2 14. Qxe2 Re8 15. Qf3 h6 $10) 13. h3
(13. Qc2 h6 14. Bh4 Bxe2 $10 {Chigorin,M-Marshall,F/Ostend/1907/}) 13... Bh5
14. Qa4 Bxe2 15. Bxe2 Nd7 16. Be3 Qc7 17. Rfd1 Bc5 18. Bd4 Rfe8 19. Bg4 $14
Bxd4 20. cxd4 Nf6 21. Bf3 Re6 22. Rac1 Rae8 23. g3 h5 24. h4 Ne4 $5 25. Bxe4
Rxe4 26. Rxc6 (26. Qxc6 $2 Re1+ 27. Kg2 Qxc6 $19) 26... Qd7 27. Qb5 Re1+ 28.
Rxe1 Rxe1+ 29. Kg2 Qf5 30. Qb8+ Kh7 31. Qf4 Qxf4 32. gxf4 Re2 33. Rc7 Rxb2 34.
Rxf7 Rb4 (34... Rxa2 35. Rf5 $14) 35. Rxa7 Rxd4 36. Kf3 Kg6 37. Re7 Ra4 38.
Re6+ Kf5 39. Re5+ Kg6 40. Rg5+ Kh6 41. Rxd5 Rxa2 $10 42. Rd6+ Kh7 43. Re6 Ra3+
44. Re3 Ra4 45. Re4 Ra3+ 46. Re3 Ra4 1/2-1/2

[Event "Hoogovens-B"]
[Site "Wijk aan Zee"]
[Date "1977.01.25"]
[Round "10"]
[White "Bellon Lopez, Juan Manuel"]
[Black "Jamieson, Robert Murray"]
[Result "1/2-1/2"]
[WhiteElo "2415"]
[BlackElo "2430"]
[Annotator "Bulletin"]
[PlyCount "66"]
[EventDate "1977.01.14"]
[EventType "tourn"]
[EventRounds "11"]
[EventCountry "NED"]
[EventCategory "7"]
[SourceTitle "MCL"]
[Source "ChessBase"]
[SourceDate "1999.07.01"]
[SourceVersion "1"]
[SourceVersionDate "1999.07.01"]
[SourceQuality "1"]

1. e4 e5 2. Nf3 Nc6 3. Nc3 Nf6 4. d4 exd4 5. Nd5 Nxd5 6. exd5 Nb4 7. Nxd4 Nxd5
8. Nf5 Ne7 9. Bg5 f6 10. Bxf6 gxf6 11. Qh5+ Ng6 12. O-O-O d6 13. Nh4 Bg7 14.
Bc4 Qd7 15. Rhe1+ Kd8 (15... Kf8 $2 16. Qxg6) 16. Nxg6 hxg6 17. Qxg6 Bh6+ 18.
Kb1 Qg7 19. Qe4 Rb8 20. Rd3 f5 21. Qd5 Qf6 22. Qa5 $1 b5 $1 23. Re6 Qxb2+ $3
24. Kxb2 bxc4+ 25. Kc3 Bg7+ 26. Kd2 Bxe6 27. Rxd6+ Bd7 28. Rxd7+ Kxd7 29. Qxf5+
Ke7 30. Qc5+ Kd7 31. Qf5+ Ke7 32. Qe4+ Kd8 33. Qd5+ Ke7 1/2-1/2

[Event "Wch U18"]
[Site "Duisburg"]
[Date "1992.??.??"]
[Round "10"]
[White "Rublevsky, Sergei"]
[Black "Gabriel, Christian"]
[Result "1-0"]
[WhiteElo "2535"]
[BlackElo "2490"]
[Annotator "Bulletin"]
[PlyCount "37"]
[EventDate "1992.??.??"]
[EventType "swiss"]
[EventRounds "11"]
[EventCountry "GER"]
[SourceTitle "TD"]
[Source "ChessBase"]
[SourceDate "1994.03.01"]
[SourceVersion "1"]
[SourceVersionDate "1994.03.01"]
[SourceQuality "1"]

1. e4 e5 2. Nf3 Nc6 3. Nc3 Nf6 4. d4 Bb4 (4... exd4 5. Nxd4 Bb4 6. Nxc6 bxc6 7.
Bd3 d5 8. exd5 cxd5 9. O-O O-O 10. Bg5 $14 {Salov,V}) 5. Nxe5 Nxe4 6. Qg4 Nxc3
7. Qxg7 Rf8 (7... Qf6 $14 8. Qxf6 Ne4+ 9. c3 Nxf6 10. Nxc6 dxc6 $14 {Estrin,J})
8. a3 Nxd4 (8... Ba5 9. Nxc6 dxc6 10. Qe5+ Qe7 11. Qxe7+ Kxe7 12. Bd2 Bf5 $10 {
Bogoljubow,E}) 9. axb4 Nxc2+ 10. Kd2 Nxa1 11. Kxc3 a5 12. Bc4 $10 {
Angantysson-Polgar, Dresden 1989} Qe7 13. Re1 d5 (13... Qxb4+ 14. Kd3 Qd6+ 15.
Kc3 $10) 14. Bb5+ c6 15. Nxc6 Qxe1+ 16. Bd2 Qe4 17. Nb8+ $1 Kd8 18. Qxf8+ Kc7
19. Qc5+ (19. Qc5+ Kxb8 (19... Kd8 20. Qd6+) 20. Qd6+ Ka7 21. Be3+ Qxe3+ $8 22.
fxe3 axb4+ 23. Qxb4 $18) 1-0

[Event "World Women-ch k.o."]
[Site "Sochi"]
[Date "2015.04.04"]
[Round "6.4"]
[White "Muzychuk, Mariya"]
[Black "Pogonina, Natalija"]
[Result "1/2-1/2"]
[WhiteElo "2526"]
[BlackElo "2456"]
[Annotator "CB"]
[PlyCount "112"]
[EventDate "2015.03.17"]
[EventType "k.o."]
[EventRounds "6"]
[EventCountry "RUS"]
[SourceTitle "CBM 166"]
[Source "ChessBase"]
[SourceDate "2015.05.11"]
[SourceVersion "1"]
[SourceVersionDate "2015.05.11"]
[SourceQuality "1"]
[TimeControl "40/5400+30:1800+30"]

1. e4 e5 2. Nf3 Nc6 3. Nc3 Nf6 4. d4 exd4 5. Nxd4 Bc5 6. Be3 Bb4 {This is a
truly bizarre idea, and hard to recommend. It does have the virtue of avoiding
the opening preparation of the opponent, but at what cost?} 7. Bd3 Ne5 (7...
Bxc3+ 8. bxc3 d6 9. Bb5 Bd7 10. Nxc6 bxc6 11. Bd3 c5 12. Qf3 Ng4 13. h3 Nxe3
14. Qxe3 Qf6 15. Be2 O-O 16. O-O Rfe8 17. Qf3 Qg5 18. Bc4 Be6 19. Bxe6 Rxe6 20.
Rad1 {0-1 (64) Andrianatos,A (1390)-Kouros,A (1322) Nikaia 2012}) 8. O-O O-O 9.
Nd5 Nxd5 10. exd5 Re8 11. Be2 Bf8 12. Qd2 d6 13. h3 h6 14. Rae1 a6 15. f4 $1 {
Not only has White completed her development, but she is already beginning to
give Black a hard time.} Nd7 16. Bf3 Nc5 17. Bf2 Rxe1 18. Rxe1 Bd7 19. g4 {
In spite of needing only a draw, one cannot fault Muzychuk's willigness to
come out swinging first.} Be7 20. Kg2 Bh4 21. Bxh4 Qxh4 22. Qf2 Qf6 23. Kg3 a5
24. Qd2 g5 25. Bg2 (25. f5) 25... b5 26. b3 Qg6 27. a3 gxf4+ 28. Qxf4 b4 29.
axb4 axb4 30. Qd2 h5 31. Bf3 hxg4 32. hxg4 Rf8 33. Nc6 Bxc6 34. dxc6 Ne6 35.
Qxb4 Qxc2 36. Qc4 Qb2 37. Bd5 Ng5 38. Qf4 Qg7 39. Re7 Ra8 {White better, and
Black must certainly realizes that the only chance is for Muzychuk to blunder
horribly.} 40. Qe3 Qh6 {[#]} 41. Bxf7+ $1 Nxf7 42. Qxh6 Nxh6 43. Rxc7 Nf7 44.
b4 Ne5 45. b5 Rb8 46. Rb7 Rc8 47. Kf4 Nd3+ 48. Ke4 Nc5+ 49. Kd5 Nxb7 50. cxb7
Rd8 51. b6 Kf7 52. Kc6 Ke7 53. Kc7 Rd7+ 54. Kc6 Rd8 55. Kc7 Rd7+ 56. Kc6 Rd8
1/2-1/2

[Event "RUS-ch U20"]
[Site "Ekaterinburg"]
[Date "1996.??.??"]
[Round "1"]
[White "Malakhov, Vladimir"]
[Black "Yemelin, Vasily"]
[Result "1/2-1/2"]
[WhiteElo "2535"]
[BlackElo "2495"]
[Annotator "Chekhov,V"]
[PlyCount "83"]
[EventDate "1996.??.??"]
[EventType "tourn"]
[EventRounds "11"]
[EventCountry "RUS"]
[EventCategory "8"]
[SourceTitle "CBM 054"]
[Source "ChessBase"]
[SourceDate "1996.10.01"]
[SourceVersion "1"]
[SourceVersionDate "1996.10.01"]
[SourceQuality "1"]

1. e4 e5 2. Nf3 Nc6 3. Nc3 Nf6 4. d4 exd4 (4... Bb4 $5) 5. Nxd4 Bb4 6. Nxc6
bxc6 7. Bd3 d5 8. exd5 O-O $5 (8... cxd5 9. Qe2+ $5 $14) 9. O-O (9. dxc6 Re8+
10. Be3 Ng4 $36) 9... cxd5 10. Bg5 Be6 $6 (10... c6 $5 $10) 11. Nb5 $1 c5 12.
a3 Ba5 13. b4 cxb4 (13... Bb6 14. c3 Rc8 15. bxc5 Bxc5 16. Nd4 Be7 17. Re1 Rxc3
18. Rxe6 fxe6 19. Nxe6 Qb6 20. Nxf8 Bxf8 21. Bc2 Bc5 22. Kh1 $16 {Svidler,
P-Purgin,N/St-Petersburg/1993/1|0/39/}) 14. Qe1 $1 Qb8 $5 {N/} (14... bxa3 15.
Bxf6 gxf6 16. Qe3 Bb6 17. Qh6 f5 18. Rxa3 Kh8 19. Nd6 $1 $16 {Yakovich,Y-Ernst,
T/Gausdal/1991/0,5/54/}) (14... h6 $5 15. Bh4 Bb6 16. axb4 Re8 17. Qe5 Ng4 18.
Qh5 Qd7 $132 {Jovanic,O-Matijevic,H/Makarska Tucepi/1995/1|0/50/}) 15. Bxf6
gxf6 16. axb4 (16. Qe3 $5 Kg7 17. axb4 Bb6 (17... Bxb4 18. Ra4 a5 19. c3 Be7
20. Rh4 $40) 18. Qf3 $36) 16... Bb6 17. Qd2 (17. Kh1 $5 Qf4 $1 $13) 17... Kg7
18. c3 Qe5 19. Kh1 (19. Rae1 Qg5 $10) 19... Rfe8 20. Rae1 Qg5 21. f4 Qh5 22.
Be2 (22. Rf3 $5) (22. Nd4 $5) 22... Qh6 (22... Bg4 $6 23. Bxg4 Qxg4 24. Rf3 Qd7
25. Nd4 $36) 23. Nd4 Bd7 24. Bb5 Rxe1 25. Rxe1 Bxd4 26. Bxd7 Be5 27. g3 Rd8 28.
Qxd5 (28. Bf5 Qh5 $13) 28... Bxc3 29. Re7 (29. Re8 Rxe8 30. Bxe8 Bxb4 31. Qxf7+
Kh8 32. Qxa7 Qf8 $14) 29... Qg6 30. f5 Qh5 31. g4 Qh6 32. g5 (32. Qxf7+ Kh8 33.
g5 (33. Re8+ Rxe8 34. Qxe8+ Kg7 35. Qe7+ Kh8 36. Qe2 Qc1+ 37. Kg2 Qd2 $10)
33... fxg5 34. Re8+ Rxe8 35. Qxe8+ Kg7 36. Qe7+ Kh8 37. Be6 Qf6 38. Qxa7 Qd8
$10) 32... fxg5 33. Rxf7+ Kh8 34. Qc5 Bg7 35. f6 Bxf6 36. Qc7 Rf8 37. Be6 Bg7 (
37... Rxf7 38. Qxf7 Qg7 39. Qe8+ $18) 38. Bd5 (38. Rxf8+ Bxf8 39. Qf7 Qg7 $10)
38... Qg6 39. Rxf8+ Bxf8 40. Kg2 Qg7 41. Qxg7+ Kxg7 42. b5 1/2-1/2

[Event "Olympiad-31"]
[Site "Moscow"]
[Date "1994.12.02"]
[Round "2.4"]
[White "Svidler, Peter"]
[Black "Arencibia Rodriguez, Walter"]
[Result "1-0"]
[WhiteElo "2550"]
[BlackElo "2480"]
[Annotator "Chekhov,V"]
[PlyCount "105"]
[EventDate "1994.12.01"]
[EventType "team-swiss"]
[EventRounds "14"]
[EventCountry "RUS"]
[SourceTitle "CBM 045"]
[Source "ChessBase"]
[SourceDate "1995.04.01"]
[SourceVersion "1"]
[SourceVersionDate "1995.04.01"]
[SourceQuality "1"]
[WhiteTeam "Russia"]
[BlackTeam "Cuba"]
[WhiteTeamCountry "RUS"]
[BlackTeamCountry "CUB"]

1. e4 e5 2. Nf3 Nc6 3. d4 exd4 4. Nxd4 Nf6 5. Nc3 Bb4 6. Nxc6 bxc6 7. Bd3 d5 8.
exd5 cxd5 9. Qe2+ $5 Be6 $6 (9... Qe7 $5 10. Qxe7+ Kxe7 11. Bd2 c6 12. O-O-O
Be6 13. Rhe1 Rhe8 14. h3 Kf8 15. Na4 $5 Bd6 16. Be3 Nd7 17. Ba6 $1 Rab8 18. c4
Bb4 19. Re2 dxc4 20. a3 {Rublevsky,S-Magomedov,M/RUS/1993/} Ba5 21. Bxa7 Bd5
$13) (9... Be7 10. Bg5 O-O 11. O-O-O Be6 12. Rhe1 h6 13. Bh4 Qd6 14. Bg3 Qb6
15. Nb5 Rfc8 16. Nd4 Rab8 $13 {De la Villa,J-Polgar,Z/Salamanca/1989/}) 10.
Bb5+ Kf8 (10... Nd7 11. Bc6 Rb8 12. Bxd5) 11. O-O Qd6 12. Qf3 Bg4 13. Qf4 d4
14. a3 $1 Bc5 (14... Qxf4 15. Bxf4 dxc3 16. axb4 cxb2 17. Ra5 $1 $16) (14...
Bxc3 15. bxc3 Qxf4 (15... dxc3 16. Qc4 $16) 16. Bxf4 dxc3 17. Rfe1) 15. Na4 $16
Qxf4 16. Bxf4 Bd6 17. Bxd6+ cxd6 18. f3 Bf5 19. Rfd1 Rb8 (19... Bxc2 20. Rxd4
Rb8 21. Nc3) 20. Bf1 (20. Bd3 Bd7 21. b3 Nd5) 20... Bxc2 21. Rxd4 Bb3 $6 (21...
Bxa4 22. Rxa4 Rxb2 23. Rxa7 g6 24. a4 $16) 22. Rc1 Ne8 23. Rc6 Ke7 24. Ra6 Rb7
25. Rb4 $6 (25. Nc3 $5) 25... Rxb4 26. Rxa7+ Ke6 27. axb4 Nf6 28. Nc3 Rc8 29.
Nb5 (29. Ra3 $5) 29... Ke5 30. Ra3 (30. g3 g5 $1) 30... Be6 31. Re3+ Kf4 32.
Rc3 Rb8 33. Kf2 Nd5 34. Rc4+ Ke5 35. Re4+ Kf6 36. Nxd6 Nxb4 37. Ne8+ Kg6 38.
Nc7 Bf5 39. Rd4 h5 (39... Nc2 $2 40. Rd2 Rxb2 41. g4 Bc8 42. Bd3+ $18) 40. Nb5
Nc2 41. Rd2 Nb4 42. Bc4 Kf6 43. Nc7 (43. h4 $16) 43... Rc8 44. Nd5+ Nxd5 45.
Bxd5 Rb8 46. Ke3 Be6 (46... g5 $5) 47. Bxe6 Kxe6 48. Kd3 g5 49. Re2+ Kf5 50.
Kc2 g4 (50... Rc8+ 51. Kd3 Rb8 52. Kc4 Rc8+ 53. Kd4 Rd8+ 54. Kc5 Rc8+ 55. Kd6
Rb8) 51. fxg4+ hxg4 52. b3 f6 (52... Kf4 $5) 53. g3 (53. g3 Kg5 54. Kc3 Rc8+
55. Kd4 Rb8 56. Rb2 $18) 1-0